000 nam a22 a 4500
999 _c4689
_d4689
003 AKMAL
005 20170728105921.0
008 170728s2017 my e l 000 0 may d
020 _cRM18.00
040 _aAKMAL
082 0 4 _a342.5950402633 MAL
_223
090 0 0 _a342.5950402633
_bMAL
110 1 _aMalaysia,
_ejurisdiction governed.
_9400
245 1 0 _aAKTA TAFSIRAN 1948 DAN 1967 (AKTA 388) :
_b(semua pindaan sehingga Februari 2014) /
_cDisusun oleh Penasihat Undang-Undang MDC
264 1 _aKuala Lumpur :
_bMDC Publishers,
_c2017
300 _avii, 68 pages ;
_c27 cm.
490 1 _aUNDANG-UNDANG MALAYSIA
599 _aDALAM PROSES
650 1 0 _aLaw
_xInterpretation and construction
_zMalaysia
_92340
830 0 _aUndang-undang Malaysia
_99005
942 _2ddc
_cBOOK
950 _lAKMAL